[Event "Junior Online 4NCL Division 1"]
[Site "online"]
[Date "2020.04.23"]
[Round "2.47"]
[White "Ali, Shahvez"]
[Black "Triffitt, Bradley"]
[Result "1-0"]
[WhiteElo "1697"]
[BlackElo "1495"]
[PlyCount "161"]
[EventDate "2020.04.23"]
[WhiteTeam "King's College Junior"]
[BlackTeam "Hull and Friends 1"]

1. c4 c5 2. Nc3 Nc6 3. g3 Nf6 4. Bg2 g6 5. e3 Bg7 6. Nge2 d6 7. d4 cxd4 8. Nxd4
Ne5 9. b3 Rb8 10. Bb2 O-O 11. O-O Bg4 12. Qc2 Qb6 13. Ne4 Nxe4 14. Qxe4 Bd7 15.
Qc2 Ng4 16. Rad1 e5 17. Ne2 Bf5 18. Qd2 Rfd8 19. h3 Nf6 20. g4 Be6 21. Nc3 Ne8
22. Nd5 Qc5 23. Bc3 Bxd5 24. Qxd5 Qc7 25. Ba5 b6 26. Bb4 Nf6 27. Qd2 Bf8 28.
Qb2 h5 29. g5 Ne8 30. f4 Bg7 31. Bc3 Qc5 32. Qf2 exf4 33. Qxf4 Qf5 34. Qxf5
gxf5 35. Bxg7 Nxg7 36. Rd5 Kh7 37. h4 Rbc8 38. Bh3 Rc7 39. Bxf5+ Kg8 40. e4 Re7
41. Rfd1 Rde8 42. Rxd6 Nxf5 43. exf5 Re4 44. R6d4 R4e5 45. f6 Re2 46. a4 R2e3
47. Rd8 Rxd8 48. Rxd8+ Kh7 49. Ra8 Rxb3 50. Rxa7 Kg6 51. a5 bxa5 52. Rxa5 Rb1+
53. Kg2 Rb2+ 54. Kg3 Rc2 55. c5 Kf5 56. c6+ Ke6 57. Ra6 Kd6 58. Kf4 Rc4+ 59.
Kg3 Rc3+ 60. Kg2 Rc4 61. c7+ Kxc7 62. Ra7+ Kb6 63. Rxf7 Rxh4 64. Rh7 Rg4+ 65.
Kf3 Rxg5 66. f7 Rf5+ 67. Ke4 Rf6 68. Ke5 Rf1 69. Ke6 Re1+ 70. Kd7 Rd1+ 71. Ke8
Re1+ 72. Kf8 Kc7 73. Kg8 Rg1+ 74. Kh8 Rf1 75. f8=Q+ Kb6 76. Qxf1 h4 77. Rxh4
Kc5 78. Qd1 Kc6 79. Rc4+ Kb5 80. Qb3+ Ka5 81. Ra4# 1-0

[Event "Junior Online 4NCL Division 1"]
[Site "online"]
[Date "2020.04.23"]
[Round "2.48"]
[White "Kasprzyk, Milosz"]
[Black "Patel, Sen"]
[Result "1-0"]
[WhiteElo "1405"]
[BlackElo "1600"]
[PlyCount "107"]
[EventDate "2020.04.23"]
[WhiteTeam "Hull and Friends 1"]
[BlackTeam "King's College Junior"]

1. e4 c6 2. d4 d5 3. e5 Bf5 4. Bd3 Bg6 5. Bxg6 hxg6 6. f4 Nd7 7. Nf3 e6 8. O-O
Qc7 9. Be3 f5 10. Ng5 Ke7 11. Nd2 Nh6 12. c4 Ng4 13. Qb3 Nxh2 14. Rfc1 Re8 15.
cxd5 exd5 16. Qxd5 cxd5 17. Rxc7 Kd8 18. Rac1 Nb6 19. Rxb7 Re7 20. Rb8+ Kd7 21.
e6+ Kd6 22. Nf7+ Kxe6 23. Nxh8 Nd7 24. Nxg6 Nxb8 25. Nxe7 Ng4 26. Ng6 Bb4 27.
a3 Nxe3 28. axb4 Kf6 29. Ne5 Na6 30. Rc6+ Ke7 31. Rxa6 Nc2 32. Rxa7+ Kd6 33. b5
Nxd4 34. b6 Nb5 35. Nb3 d4 36. b7 Kc7 37. Ra5 Nd6 38. Nc5 Nxb7 39. Ra7 d3 40.
Nexd3 Kc6 41. Rxb7 Kd5 42. Kf2 Kc4 43. Ke3 g6 44. Ne6 g5 45. Ne5+ Kd5 46. fxg5
Kxe6 47. g6 Kf6 48. g7 Kxe5 49. g8=Q Kd6 50. Qd8+ Ke5 51. Re7+ Kf6 52. Qf8+ Kg5
53. Rg7+ Kh6 54. Qh8# 1-0

[Event "Junior Online 4NCL Division 1"]
[Site "online"]
[Date "2020.04.23"]
[Round "2.51"]
[White "Korsinskij, Marek"]
[Black "Gurner, Jem"]
[Result "0-1"]
[WhiteElo "1795"]
[BlackElo "1975"]
[PlyCount "116"]
[EventDate "2020.04.23"]
[WhiteTeam "Liverpool 1"]
[BlackTeam "To Be Decided"]

1. e4 g6 2. d4 Bg7 3. Nc3 d6 4. f4 Nf6 5. Nf3 O-O 6. Bd3 Na6 7. e5 Nd7 8. O-O
c5 9. exd6 cxd4 10. dxe7 Qxe7 11. Re1 Qc5 12. Ne2 Nb4 13. a3 Nxd3 14. Qxd3 Nb6
15. b4 Qc4 16. Ne5 Qxd3 17. Nxd3 Nc4 18. Rb1 Bg4 19. Bb2 Rad8 20. Ne5 Nxe5 21.
fxe5 Bxe5 22. h3 Bf5 23. Rbd1 Bxc2 24. Rd2 Ba4 25. Nxd4 Rfe8 26. Nf3 Bxb2 27.
Rxb2 Rxe1+ 28. Nxe1 Bc6 29. Kf2 Kg7 30. Nf3 Bxf3 31. Kxf3 Rd3+ 32. Ke4 Rxa3 33.
Kd5 Rd3+ 34. Kc5 Rg3 35. Ra2 a6 36. Kb6 Rb3 37. Ra4 Rb2 38. Kxb7 a5 39. Rxa5
Rxb4+ 40. Kc6 Rb2 41. Rg5 Kf6 42. Rg3 Ke5 43. Kd7 f5 44. Rg5 Kf4 45. h4 Rb1 46.
g3+ Kf3 47. h5 Rg1 48. hxg6 hxg6 49. Rxg6 Rxg3 50. Rf6 f4 51. Ke6 Ke3 52. Rf5
f3 53. Re5+ Kf2 54. Kf5 Kg2 55. Kf4 f2 56. Re2 Rf3+ 57. Ke4 Ra3 58. Rb2 Kg1 0-1

[Event "Junior Online 4NCL Division 1"]
[Site "online"]
[Date "2020.04.23"]
[Round "2.52"]
[White "Guha, Chirag"]
[Black "Bashar, Rovezi"]
[Result "0-1"]
[WhiteElo "1922"]
[BlackElo "1757"]
[PlyCount "148"]
[EventDate "2020.04.23"]
[WhiteTeam "To Be Decided"]
[BlackTeam "Liverpool 1"]

1. d4 c6 2. c4 d5 3. Nf3 Nf6 4. g3 Bf5 5. Nc3 e6 6. Bg2 Nbd7 7. O-O dxc4 8. a4
Qa5 9. Nd2 Nb6 10. e4 Bg6 11. Qe2 Bb4 12. e5 Bd3 13. Qd1 Nfd5 14. Nxd5 Nxd5 15.
Re1 O-O 16. Bf1 Rac8 17. Bxd3 cxd3 18. Rf1 Rfd8 19. Nc4 Qa6 20. Qxd3 Nb6 21. b3
c5 22. Bb2 Nxc4 23. bxc4 cxd4 24. Rfc1 Bc5 25. Rd1 Rd7 26. Qb3 Rcd8 27. Rd3 Qa5
28. Qb5 Qc7 29. Re1 h6 30. f4 a6 31. Qb3 b6 32. Red1 Qc6 33. Qc2 h5 34. Qg2
Qxa4 35. Rc1 g6 36. h3 a5 37. g4 hxg4 38. hxg4 Rc8 39. f5 Qc6 40. Qe2 exf5 41.
gxf5 gxf5 42. Rg3+ Kf8 43. Qd3 Qe6 44. Re1 Bb4 45. Rc1 Qxe5 46. Rf1 Qe4 47.
Rxf5 Qxd3 48. Rxd3 Rxc4 49. Rf1 Bc3 50. Bxc3 Rxc3 51. Rfd1 Rxd3 52. Rxd3 b5 53.
Kf1 f5 54. Kf2 Ke7 55. Kf3 Ke6 56. Kf4 b4 57. Kf3 a4 58. Ke2 b3 59. Kd1 Ke5 60.
Kc1 f4 61. Kb2 Ke4 62. Rh3 f3 63. Rh4+ Ke3 64. Rh6 Re7 65. Rd6 d3 66. Kc3 Rc7+
67. Kb2 Rc2+ 68. Ka3 f2 69. Re6+ Kd4 70. Rd6+ Ke5 71. Rf6 Kxf6 72. Kxa4 b2 73.
Ka3 b1=R 74. Ka4 Ra2# 0-1

[Event "Junior Online 4NCL Division 1"]
[Site "online"]
[Date "2020.04.23"]
[Round "2.53"]
[White "Hudson, Frank"]
[Black "Vanjare, Aditya"]
[Result "0-1"]
[WhiteElo "1577"]
[BlackElo "1705"]
[PlyCount "46"]
[EventDate "2020.04.23"]
[WhiteTeam "Liverpool 1"]
[BlackTeam "To Be Decided"]

1. e4 e6 2. d4 d5 3. e5 c5 4. c3 Nc6 5. Nf3 Bd7 6. Be2 cxd4 7. cxd4 f6 8. Bf4
Bb4+ 9. Nbd2 fxe5 10. Nxe5 Nxe5 11. Bxe5 Nf6 12. O-O O-O 13. Qb3 Bxd2 14. Qd3
Ba5 15. Bd1 Bc7 16. Bxf6 Qxf6 17. Bc2 Qh6 18. f4 Rf7 19. g3 Bb6 20. Kg2 e5 21.
dxe5 Bh3+ 22. Kf3 Qh5+ 23. g4 Qxg4# 0-1

[Event "Junior Online 4NCL Division 1"]
[Site "online"]
[Date "2020.04.23"]
[Round "2.54"]
[White "Jaberansari, Daniel"]
[Black "Ranasinghe, Y Ranjula"]
[Result "0-1"]
[WhiteElo "1585"]
[BlackElo "1517"]
[PlyCount "70"]
[EventDate "2020.04.23"]
[WhiteTeam "To Be Decided"]
[BlackTeam "Liverpool 1"]

1. e4 e5 2. Nf3 Nc6 3. d4 exd4 4. Nxd4 Nf6 5. Nxc6 bxc6 6. e5 Qe7 7. Qe2 Nd5 8.
c4 Ba6 9. b3 g6 10. Bb2 Bg7 11. Nd2 O-O 12. O-O-O Rfe8 13. g3 Nb4 14. a3 Nd5
15. f4 d6 16. Bh3 dxe5 17. fxe5 Nb6 18. Rde1 Nd7 19. Qg4 Nxe5 20. Bxe5 Bxe5 21.
Nf3 Qd6 22. Nxe5 Rxe5 23. Rxe5 Qxe5 24. Qd7 Qe3+ 25. Kb1 Rb8 26. b4 Qb3+ 27.
Kc1 Qxc4+ 28. Kd1 Qb3+ 29. Kc1 Qxa3+ 30. Kd1 Qb3+ 31. Kd2 Qxb4+ 32. Ke3 Qc3+
33. Kf4 Rb4+ 34. Kg5 Qe5+ 35. Kh6 Qh5# 0-1

[Event "Junior Online 4NCL Division 1"]
[Site "online"]
[Date "2020.04.23"]
[Round "2.55"]
[White "Gurner, Jem"]
[Black "Korsinskij, Marek"]
[Result "1-0"]
[WhiteElo "1975"]
[BlackElo "1795"]
[PlyCount "73"]
[EventDate "2020.04.23"]
[WhiteTeam "To Be Decided"]
[BlackTeam "Liverpool 1"]

1. d4 Nf6 2. c4 g6 3. Nc3 Bg7 4. e4 d6 5. Be2 O-O 6. Be3 e5 7. d5 Ne8 8. g4 a5
9. Qd2 Na6 10. f3 b6 11. h4 Nc5 12. h5 f5 13. hxg6 hxg6 14. Bh6 Qf6 15. Bxg7
Qxg7 16. gxf5 gxf5 17. O-O-O f4 18. Nh3 Bxh3 19. Rdg1 Bg2 20. Rh2 Kf7 21. Rgxg2
Qf6 22. Rh7+ Ng7 23. Rhxg7+ Qxg7 24. Rxg7+ Kxg7 25. Nb5 Rf7 26. Bf1 Rg8 27. Bh3
Rh8 28. Qg2+ Kf8 29. Qg4 Rg8 30. Qc8+ Kg7 31. Qg4+ Kf8 32. Qh4 Rfg7 33. Qd8+
Kf7 34. Qxc7+ Kg6 35. Qxd6+ Kh7 36. Bf5+ Kh8 37. Qh6+ 1-0

[Event "Junior Online 4NCL Division 1"]
[Site "online"]
[Date "2020.04.23"]
[Round "2.56"]
[White "Bashar, Rovezi"]
[Black "Guha, Chirag"]
[Result "0-1"]
[WhiteElo "1757"]
[BlackElo "1922"]
[PlyCount "118"]
[EventDate "2020.04.23"]
[WhiteTeam "Liverpool 1"]
[BlackTeam "To Be Decided"]

1. d4 d5 2. c4 e6 3. Nc3 Nf6 4. Bg5 Be7 5. Nf3 c6 6. e3 Nbd7 7. cxd5 exd5 8.
Bd3 Nf8 9. O-O Ne6 10. Bh4 O-O 11. h3 g6 12. Re1 Ng7 13. Ne5 Bf5 14. Rc1 Bxd3
15. Qxd3 Rc8 16. Rc2 Nf5 17. Bg5 Kg7 18. Rec1 Re8 19. Bf4 Nd6 20. b3 Nde4 21.
f3 Nxc3 22. Rxc3 Bd6 23. Bh2 Qc7 24. Kf2 h5 25. R3c2 Ng8 26. g4 hxg4 27. hxg4
Ne7 28. f4 Rh8 29. Bg3 f6 30. Nf3 g5 31. b4 gxf4 32. exf4 Bxf4 33. Rg1 Ng6 34.
g5 fxg5 35. Ne5 Nxe5 36. dxe5 Qxe5 37. Re2 Qf6 38. Ke1 Rce8 39. Bf2 Qa1+ 40.
Qd1 Rxe2+ 41. Kxe2 Qxd1+ 42. Kxd1 Rh2 43. Ke1 Kf7 44. a4 Ke6 45. Bxa7 Rh3 46.
Kf2 Ra3 47. a5 Rb3 48. Bc5 Kf5 49. Ke2 Ke4 50. Ra1 Rb2+ 51. Kf1 Be3 52. Bd6 d4
53. Rd1 Rf2+ 54. Ke1 Rg2 55. Kf1 Rg1+ 56. Ke2 d3+ 57. Rxd3 Rg2+ 58. Kf1 Rf2+
59. Ke1 Kxd3 0-1

[Event "Junior Online 4NCL Division 1"]
[Site "online"]
[Date "2020.04.23"]
[Round "2.57"]
[White "Vanjare, Aditya"]
[Black "Hudson, Frank"]
[Result "1-0"]
[WhiteElo "1705"]
[BlackElo "1577"]
[PlyCount "99"]
[EventDate "2020.04.23"]
[WhiteTeam "To Be Decided"]
[BlackTeam "Liverpool 1"]

1. d4 Nf6 2. Bf4 g6 3. Nc3 d6 4. e4 Bg7 5. Qd2 O-O 6. O-O-O c6 7. Bh6 Re8 8.
Bxg7 Kxg7 9. h4 h5 10. Be2 b5 11. f3 a5 12. Qg5 e5 13. g4 exd4 14. Rxd4 c5 15.
Rd2 b4 16. Nd5 Nbd7 17. gxh5 Re5 18. h6+ Kh7 19. Nxf6+ Nxf6 20. Qf4 a4 21. Qxe5
dxe5 22. Rxd8 b3 23. a3 Kxh6 24. cxb3 axb3 25. Bc4 Nd7 26. Bb5 Nb6 27. Ne2 Ra5
28. Nc3 c4 29. a4 Be6 30. Rd6 Nxa4 31. Bxa4 Rc5 32. Rhd1 Kg7 33. Bd7 Ra5 34.
Bxe6 fxe6 35. Rxe6 Ra1+ 36. Kd2 Rxd1+ 37. Kxd1 Kf7 38. Rc6 Ke7 39. Rxc4 Kd7 40.
Rb4 Kc7 41. Rxb3 Kc6 42. Rb8 Kc5 43. Rg8 Kd4 44. Rxg6 Ke3 45. h5 Kxf3 46. h6
Ke3 47. h7 Kd4 48. h8=Q Kc4 49. Qc8+ Kb3 50. Rb6# 1-0

[Event "Junior Online 4NCL Division 1"]
[Site "online"]
[Date "2020.04.23"]
[Round "2.58"]
[White "Ranasinghe, Y Ranjula"]
[Black "Jaberansari, Daniel"]
[Result "1/2-1/2"]
[WhiteElo "1517"]
[BlackElo "1585"]
[PlyCount "50"]
[EventDate "2020.04.23"]
[WhiteTeam "Liverpool 1"]
[BlackTeam "To Be Decided"]

1. e4 e6 2. d4 d5 3. exd5 exd5 4. c4 c6 5. cxd5 cxd5 6. Nc3 Nc6 7. Bb5 Nf6 8.
Bg5 Be7 9. Nf3 O-O 10. h3 Re8 11. O-O Bd7 12. Ne5 a6 13. Bxc6 Bxc6 14. Nxc6
bxc6 15. Re1 h6 16. Bh4 Qd6 17. Bg3 Qd7 18. Rc1 Bd6 19. Bxd6 Qxd6 20. f3 Re6
21. Rxe6 Qxe6 22. Qe1 Re8 23. Kf2 Qxe1+ 24. Rxe1 Rxe1 25. Kxe1 Kf8 1/2-1/2

[Event "Junior Online 4NCL Division 1"]
[Site "online"]
[Date "2020.04.23"]
[Round "2.61"]
[White "Zakarian, Dimitrios Levon"]
[Black "Verma, Aditya"]
[Result "0-1"]
[WhiteElo "1757"]
[BlackElo "2042"]
[PlyCount "58"]
[EventDate "2020.04.23"]
[WhiteTeam "Ojays B"]
[BlackTeam "Misty Minors 1"]

1. d4 d5 2. Nf3 Nf6 3. c4 c6 4. Qc2 dxc4 5. Qxc4 Bf5 6. Nc3 Nbd7 7. Bg5 h6 8.
Bh4 Qb6 9. Qb3 Qxb3 10. axb3 e6 11. e3 Bc2 12. Nd2 Bg6 13. Be2 Be7 14. O-O O-O
15. Ra4 a6 16. h3 Rfd8 17. Rd1 Rac8 18. e4 Nb6 19. Raa1 Rxd4 20. Bxf6 Bxf6 21.
Nf3 Rxd1+ 22. Rxd1 Bxc3 23. bxc3 Bxe4 24. Ne5 Bc2 25. Ra1 Rd8 26. Ra2 Bf5 27.
Nc4 Nd5 28. Bf3 Nxc3 29. Ra1 Nb5 0-1

[Event "Junior Online 4NCL Division 1"]
[Site "online"]
[Date "2020.04.23"]
[Round "2.62"]
[White "Tombolis, Christopher"]
[Black "Murawski, Pawel"]
[Result "1/2-1/2"]
[WhiteElo "2050"]
[BlackElo "1720"]
[PlyCount "74"]
[EventDate "2020.04.23"]
[WhiteTeam "Misty Minors 1"]
[BlackTeam "Ojays B"]

1. d4 d5 2. c4 e6 3. Nc3 Nf6 4. Nf3 b6 5. Bg5 Be7 6. e3 Bb7 7. Rc1 Nbd7 8. Bd3
h6 9. Bh4 Ne4 10. Bxe7 Qxe7 11. cxd5 exd5 12. O-O O-O 13. Nd2 c5 14. f3 Nxc3
15. bxc3 Qxe3+ 16. Kh1 Qxd3 17. Qa4 b5 18. Qd1 c4 19. Rb1 a6 20. Qc1 Bc6 21.
Rd1 Qg6 22. Nf1 Rfe8 23. Re1 Nf6 24. Ng3 Nh5 25. Nxh5 Qxh5 26. Qf4 Qg5 27. Qc7
Qd2 28. Rg1 Rac8 29. Qa5 Re2 30. Qxa6 Rce8 31. Qxc6 Re1 32. Rbxe1 Rxe1 33. Qc8+
Kh7 34. Qf5+ Kg8 35. Qc8+ Kh7 36. Qf5+ Kh8 37. Qc8+ Kh7 1/2-1/2

[Event "Junior Online 4NCL Division 1"]
[Site "online"]
[Date "2020.04.23"]
[Round "2.63"]
[White "Chetverikov, Ivan"]
[Black "Patel, Devan"]
[Result "0-1"]
[WhiteElo "1675"]
[BlackElo "1915"]
[PlyCount "30"]
[EventDate "2020.04.23"]
[WhiteTeam "Ojays B"]
[BlackTeam "Misty Minors 1"]

1. d4 Nf6 2. Bf4 d5 3. e3 c5 4. Nf3 Nc6 5. c3 Qb6 6. Qc1 Bf5 7. Nbd2 e6 8. Be2
h6 9. h3 Be7 10. O-O O-O 11. b3 Rfc8 12. Qb2 Qa5 13. Rfc1 cxd4 14. Qa3 Bxa3 15.
Rf1 dxc3 0-1

[Event "Junior Online 4NCL Division 1"]
[Site "online"]
[Date "2020.04.23"]
[Round "2.64"]
[White "Akeya-Price, Robert"]
[Black "Hertog, Alexander"]
[Result "1-0"]
[WhiteElo "1960"]
[BlackElo "1637"]
[PlyCount "71"]
[EventDate "2020.04.23"]
[WhiteTeam "Misty Minors 1"]
[BlackTeam "Ojays B"]

1. d4 Nf6 2. c4 g6 3. Nc3 Bg7 4. e4 d6 5. Be2 O-O 6. Be3 e5 7. d5 Ne8 8. g4 Kh8
9. h4 Qd7 10. h5 Nf6 11. h6 Nxg4 12. hxg7+ Kxg7 13. Bxg4 Qxg4 14. Qxg4 Bxg4 15.
Bh6+ Kg8 16. Bxf8 Kxf8 17. f3 Bh5 18. O-O-O c6 19. dxc6 Nxc6 20. Rxd6 Nd4 21.
Rh3 Rc8 22. Rd7 Rxc4 23. Rxb7 a5 24. Ra7 Rc5 25. Kd2 Ne6 26. Nge2 Ng5 27. Rxh5
gxh5 28. Ke3 h4 29. Ra6 Kg7 30. Kf2 h5 31. a3 h3 32. Ng3 h4 33. Nf5+ Kh7 34.
Rh6+ Kg8 35. Rxh4 Rc6 36. Ne7+ 1-0

[Event "Junior Online 4NCL Division 1"]
[Site "online"]
[Date "2020.04.23"]
[Round "2.65"]
[White "Verma, Aditya"]
[Black "Zakarian, Dimitrios Levon"]
[Result "1-0"]
[WhiteElo "2042"]
[BlackElo "1757"]
[PlyCount "59"]
[EventDate "2020.04.23"]
[WhiteTeam "Misty Minors 1"]
[BlackTeam "Ojays B"]

1. e4 c5 2. Nf3 e6 3. d4 cxd4 4. Nxd4 a6 5. Nc3 Qc7 6. g3 Nf6 7. Bg2 Nc6 8. O-O
Be7 9. Nde2 O-O 10. h3 b5 11. a3 Bb7 12. g4 d5 13. exd5 Rfd8 14. Bf4 e5 15. Be3
Na7 16. g5 Nd7 17. d6 Bxd6 18. Bxb7 Rab8 19. Bg2 Bc5 20. Qc1 Nb6 21. Bxc5 Qxc5
22. Qe3 Qxe3 23. fxe3 Nc4 24. Kf2 Nxb2 25. a4 b4 26. Nd5 Nc6 27. Nc7 Na5 28.
Nxa6 Rb6 29. Nc5 Rc6 30. Bxc6 1-0

[Event "Junior Online 4NCL Division 1"]
[Site "online"]
[Date "2020.04.23"]
[Round "2.66"]
[White "Murawski, Pawel"]
[Black "Tombolis, Christopher"]
[Result "0-1"]
[WhiteElo "1720"]
[BlackElo "2050"]
[PlyCount "176"]
[EventDate "2020.04.23"]
[WhiteTeam "Ojays B"]
[BlackTeam "Misty Minors 1"]

1. d4 d5 2. c4 e6 3. Nc3 Nf6 4. Bg5 Be7 5. e3 O-O 6. Nf3 h6 7. Bf4 b6 8. cxd5
Nxd5 9. Nxd5 exd5 10. Bd3 c5 11. dxc5 bxc5 12. O-O Nc6 13. Bb5 Bb7 14. Qd2 Qb6
15. Ba4 Rad8 16. Rac1 Bf6 17. Bxc6 Bxc6 18. Be5 d4 19. Bxf6 Bxf3 20. Bxd8 Qg6
21. g3 Rxd8 22. exd4 Qg4 23. Qf4 Qxf4 24. gxf4 Rxd4 25. Rfe1 Rxf4 26. Re8+ Kh7
27. Kf1 Rh4 28. Rxc5 Rxh2 29. Ke1 Rh1+ 30. Kd2 Rd1+ 31. Kc2 Rf1 32. Re7 Rxf2+
33. Kb3 Bd1+ 34. Ka3 Rf4 35. b3 a6 36. Rcc7 Bh5 37. Ra7 Rf6 38. Rec7 Be2 39.
Rxf7 Rg6 40. Rfe7 Bb5 41. Rec7 h5 42. Rc5 h4 43. Rc2 h3 44. Rh2 Bf1 45. Rf7 Bg2
46. Rf4 Rh6 47. Rd4 g5 48. Rg4 Kg6 49. Rg3 Rh4 50. Rgxg2 hxg2 51. Rxg2 g4 52.
Ka4 Kf5 53. Ka5 Kf4 54. Kxa6 Kf3 55. Rb2 g3 56. b4 Rh2 57. Rb3+ Kg4 58. Rxg3+
Kxg3 59. a4 Rh6+ 60. Ka5 Kf4 61. b5 Ke5 62. b6 Kd6 63. Ka6 Kc6 64. a5 Rh5 65.
b7 Kc7 66. b8=Q+ Kxb8 67. Kb6 Rh6+ 68. Kb5 Ka7 69. a6 Rh5+ 70. Kc6 Kxa6 71. Kd7
Kb7 72. Kd6 Rh7 73. Kd5 Kc7 74. Kd4 Rd7+ 75. Ke5 Rd6 76. Ke4 Kc6 77. Ke5 Kc5
78. Kf5 Kd5 79. Kf4 Re6 80. Kf5 Kd6 81. Kg5 Ke5 82. Kg4 Rf6 83. Kg3 Rf4 84. Kg2
Ke4 85. Kg3 Ke3 86. Kg2 Rf3 87. Kh2 Kf2 88. Kh1 Rh3# 0-1

[Event "Junior Online 4NCL Division 1"]
[Site "online"]
[Date "2020.04.23"]
[Round "2.67"]
[White "Patel, Devan"]
[Black "Chetverikov, Ivan"]
[Result "1-0"]
[WhiteElo "1915"]
[BlackElo "1675"]
[PlyCount "110"]
[EventDate "2020.04.23"]
[WhiteTeam "Misty Minors 1"]
[BlackTeam "Ojays B"]

1. d4 Nf6 2. Nc3 g6 3. e4 d6 4. Be3 Bg7 5. h3 O-O 6. Nf3 e5 7. dxe5 dxe5 8.
Qxd8 Rxd8 9. Bg5 Re8 10. O-O-O Nc6 11. Bb5 h6 12. Bxf6 Bxf6 13. Nd5 Bd8 14. Nb4
a6 15. Nxc6 Bg5+ 16. Nxg5 hxg5 17. Ba4 bxc6 18. Bxc6 Be6 19. Bxa8 Rxa8 20. b3
a5 21. a4 c5 22. h4 gxh4 23. Rxh4 Kg7 24. Rd6 c4 25. Kb2 cxb3 26. cxb3 Rb8 27.
Rd3 Rb4 28. f3 f5 29. Rc3 Kf6 30. Rh7 fxe4 31. fxe4 Rxe4 32. Rf3+ Kg5 33. Ra7
Re2+ 34. Kc3 Rxg2 35. Rxa5 Re2 36. Kd3 Re1 37. Kd2 Re4 38. Re3 Kf4 39. Rxe4+
Kxe4 40. Rb5 g5 41. a5 g4 42. a6 Bd7 43. a7 Bc6 44. Rb4+ Kf5 45. Ke2 e4 46. Rb6
Ba8 47. Rb8 Bc6 48. a8=Q Bxa8 49. Rxa8 Kf4 50. Rf8+ Kg3 51. Ke3 Kh2 52. Kxe4 g3
53. Rh8+ Kg1 54. Rg8 g2 55. b4 Kf1 1-0

[Event "Junior Online 4NCL Division 1"]
[Site "online"]
[Date "2020.04.23"]
[Round "2.68"]
[White "Hertog, Alexander"]
[Black "Akeya-Price, Robert"]
[Result "0-1"]
[WhiteElo "1637"]
[BlackElo "1960"]
[PlyCount "112"]
[EventDate "2020.04.23"]
[WhiteTeam "Ojays B"]
[BlackTeam "Misty Minors 1"]

1. c4 Nf6 2. Nc3 e6 3. d3 d5 4. cxd5 exd5 5. Bg5 Be7 6. Nf3 O-O 7. g3 Bf5 8.
Bg2 c6 9. O-O Nbd7 10. Qb3 Nc5 11. Qc2 a5 12. Rfe1 h6 13. Be3 Ne6 14. Nd4 Nxd4
15. Bxd4 Be6 16. Qb3 Qd7 17. Na4 Ra6 18. Bc5 b5 19. Nb6 Qb7 20. Bd4 c5 21. Bxf6
c4 22. dxc4 bxc4 23. Nxd5 cxb3 24. Nxe7+ Kh8 25. Bxb7 Rb6 26. Bg2 gxf6 27. axb3
Rxb3 28. Rxa5 Rxb2 29. Nd5 Rfb8 30. h4 Kg7 31. Nf4 f5 32. Ra7 Kf6 33. Ra6 R8b6
34. Rxb6 Rxb6 35. Nd5+ Bxd5 36. Bxd5 Rd6 37. Bg2 Rd2 38. e4 fxe4 39. Rxe4 Rd1+
40. Kh2 Kg6 41. Bf3 Rd2 42. Kg2 Rb2 43. Rg4+ Kf6 44. Rf4+ Kg6 45. h5+ Kg7 46.
Bd5 f6 47. Rg4+ Kh7 48. Rg7+ Kxg7 49. Be4 Rb5 50. Bg6 f5 51. Kf3 Kf6 52. g4
Rb3+ 53. Kf4 Rb4+ 54. Kf3 fxg4+ 55. Kg3 Kg5 56. f3 Rb3 0-1

[Event "Junior Online 4NCL Division 1"]
[Site "online"]
[Date "2020.04.23"]
[Round "2.71"]
[White "Clarke, Connor"]
[Black "Chung, Ethan Cheung Jing"]
[Result "0-1"]
[WhiteElo "2005"]
[BlackElo "1840"]
[PlyCount "114"]
[EventDate "2020.04.23"]
[WhiteTeam "Forest Hall Dæmons"]
[BlackTeam "Young Dragons"]

1. d4 d5 2. Nc3 e6 3. Bf4 c5 4. e3 Nf6 5. Nf3 Nc6 6. Nb5 e5 7. Bxe5 Nxe5 8.
dxe5 a6 9. exf6 axb5 10. Bxb5+ Bd7 11. Bxd7+ Qxd7 12. c3 gxf6 13. O-O Bd6 14.
g3 Bc7 15. Re1 O-O-O 16. e4 d4 17. cxd4 cxd4 18. Rc1 Kb8 19. Qc2 d3 20. Qd2 Qb5
21. a3 Rhg8 22. b4 Qh5 23. Kg2 Qg4 24. h3 Qg6 25. Nh4 Qh5 26. Nf5 Qg5 27. Qxg5
fxg5 28. Rcd1 Rge8 29. f3 Rd7 30. Ne3 f6 31. Nd5 d2 32. Re2 Rxd5 33. Rexd2
Rxd2+ 34. Rxd2 Rd8 35. Rc2 Rd3 36. Ra2 Rb3 37. h4 Be5 38. hxg5 fxg5 39. Kf2
Rb2+ 40. Rxb2 Bxb2 41. a4 Kc7 42. f4 gxf4 43. gxf4 Ba3 44. b5 b6 45. e5 Kd7 46.
Ke3 Ke6 47. Ke4 h5 48. f5+ Kf7 49. Kf4 Bc1+ 50. Ke4 Bg5 51. f6 h4 52. a5 h3 53.
Kf3 h2 54. Kg2 bxa5 55. Kxh2 Be3 56. Kg2 a4 57. Kf3 Bd4 0-1

[Event "Junior Online 4NCL Division 1"]
[Site "online"]
[Date "2020.04.23"]
[Round "2.72"]
[White "Chung, Daniel"]
[Black "Macdonald, Ciaran"]
[Result "0-1"]
[WhiteElo "1622"]
[BlackElo "1712"]
[PlyCount "90"]
[EventDate "2020.04.23"]
[WhiteTeam "Young Dragons"]
[BlackTeam "Forest Hall Dæmons"]

1. d4 d5 2. c4 c6 3. Nf3 Nf6 4. Nc3 dxc4 5. e4 b5 6. a4 b4 7. Na2 Nxe4 8. Nxb4
Qa5 9. Bd2 Nxd2 10. Qxd2 e6 11. Nc2 Qb6 12. Ne3 Bb4 13. Nxc4 Bxd2+ 14. Nfxd2
Qc7 15. Be2 Ba6 16. O-O O-O 17. b4 Nd7 18. Rab1 Rab8 19. Rfe1 Bxc4 20. Bxc4 Nb6
21. Bb3 Rfd8 22. Nf3 Nd5 23. Bxd5 cxd5 24. b5 Rdc8 25. g3 Qc3 26. Kg2 h6 27.
Red1 Rc4 28. Ra1 Rbc8 29. h3 Rb4 30. h4 Rcc4 31. Ra2 Rb2 32. Raa1 Qc2 33. Rf1
Rxa4 34. Rac1 Qe2 35. Rc8+ Kh7 36. Rc7 f6 37. Nh2 Rxb5 38. Kh3 Rxd4 39. Rxa7
Rb2 40. Raa1 Rdd2 41. Ng4 f5 42. Ne3 Qxe3 43. Rae1 Rxf2 44. Rxf2 Qxf2 45. Rh1
Qg2# 0-1

[Event "Junior Online 4NCL Division 1"]
[Site "online"]
[Date "2020.04.23"]
[Round "2.73"]
[White "Wall, John (jnr)"]
[Black "Davies, Tom"]
[Result "1-0"]
[WhiteElo "1705"]
[BlackElo "1517"]
[PlyCount "77"]
[EventDate "2020.04.23"]
[WhiteTeam "Forest Hall Dæmons"]
[BlackTeam "Young Dragons"]

1. d4 Nf6 2. Bf4 e6 3. e3 d5 4. Nd2 c5 5. c3 Nc6 6. Ngf3 Bd6 7. Bg3 b6 8. Bd3
Bb7 9. Ne5 Ne7 10. Qa4+ Nd7 11. Bb5 Bxe5 12. Bxe5 a6 13. Bxd7+ Qxd7 14. Qxd7+
Kxd7 15. h4 f6 16. Bf4 Nf5 17. g4 Nh6 18. Rg1 f5 19. g5 Nf7 20. Ke2 Rac8 21.
Nf3 Rhe8 22. g6 hxg6 23. Rxg6 Rg8 24. Rag1 cxd4 25. exd4 a5 26. Rxg7 Ba6+ 27.
Ke3 Rgf8 28. Ne5+ Ke8 29. Nxf7 Rxf7 30. h5 Kf8 31. Bd6+ Ke8 32. h6 Rxg7 33.
Rxg7 f4+ 34. Kxf4 Bd3 35. h7 Bxh7 36. Rxh7 Kd8 37. Ke5 Rc4 38. Kxe6 a4 39. Rh8#
1-0

[Event "Junior Online 4NCL Division 1"]
[Site "online"]
[Date "2020.04.23"]
[Round "2.74"]
[White "Jaberansari, Benjamin"]
[Black "French, Morgan"]
[Result "0-1"]
[WhiteElo "1405"]
[BlackElo "1637"]
[PlyCount "68"]
[EventDate "2020.04.23"]
[WhiteTeam "Young Dragons"]
[BlackTeam "Forest Hall Dæmons"]

1. e4 e5 2. Nf3 Nc6 3. Nc3 Nf6 4. d4 Nxd4 5. Nxd4 exd4 6. Qxd4 d6 7. e5 dxe5 8.
Qxe5+ Be7 9. Bc4 O-O 10. Qg3 Re8 11. O-O c6 12. Bh6 Bf8 13. Rad1 Qb6 14. b3 Bf5
15. Rd2 Rad8 16. Rxd8 Rxd8 17. Bg5 c5 18. Nd5 Rxd5 19. Bxd5 Nxd5 20. Qg4 Bxg4
21. h3 Bf5 22. c4 Nc3 23. Ra1 g6 24. g3 Bg7 25. Re1 Qc6 26. a3 Bxh3 27. Re8+
Qxe8 28. Kh2 Bf1 29. Kg1 Qe1 30. a4 Be2+ 31. Kh2 Qxf2+ 32. Kh3 Bf1+ 33. Kg4 f5+
34. Kh4 Qh2# 0-1

[Event "Junior Online 4NCL Division 1"]
[Site "online"]
[Date "2020.04.23"]
[Round "2.75"]
[White "Chung, Ethan Cheung Jing"]
[Black "Clarke, Connor"]
[Result "0-1"]
[WhiteElo "1840"]
[BlackElo "2005"]
[PlyCount "86"]
[EventDate "2020.04.23"]
[WhiteTeam "Young Dragons"]
[BlackTeam "Forest Hall Dæmons"]

1. e4 Nf6 2. e5 Nd5 3. c4 Nb6 4. d4 d6 5. f4 g6 6. Nf3 Bg7 7. Nc3 O-O 8. Be2
Be6 9. d5 Bg4 10. exd6 exd6 11. O-O N8d7 12. h3 Bxf3 13. Rxf3 Re8 14. Qf1 Bd4+
15. Kh1 Qe7 16. Bd3 a6 17. Bd2 Nc5 18. f5 Nba4 19. fxg6 fxg6 20. Re1 Qd7 21.
Nxa4 Nxa4 22. b3 Nc5 23. Bc2 Rxe1 24. Qxe1 Re8 25. Qf1 Bg7 26. Bg5 Ne4 27. Bxe4
Rxe4 28. Bf6 Bxf6 29. Rxf6 Qe8 30. Qf3 Re1+ 31. Kh2 Qe5+ 32. Qf4 Qxf4+ 33. Rxf4
Re2 34. a4 Re3 35. Rf3 Rxf3 36. gxf3 Kf7 37. Kg3 g5 38. f4 Kg6 39. Kg4 h5+ 40.
Kg3 Kf5 41. fxg5 Kxg5 42. h4+ Kf5 43. Kf3 a5 0-1